<?xml version="1.0" encoding="UTF-8"?><?xml-stylesheet type="text/xsl" href="static/style.xsl"?><OAI-PMH xmlns="http://www.openarchives.org/OAI/2.0/" xmlns:xsi="http://www.w3.org/2001/XMLSchema-instance" xsi:schemaLocation="http://www.openarchives.org/OAI/2.0/ http://www.openarchives.org/OAI/2.0/OAI-PMH.xsd"><responseDate>2026-06-01T22:05:03Z</responseDate><request verb="GetRecord" identifier="oai:riuma.uma.es:10630/5903" metadataPrefix="marc">https://riuma.uma.es/rest/oai/request</request><GetRecord><record><header><identifier>oai:riuma.uma.es:10630/5903</identifier><datestamp>2026-02-03T12:08:34Z</datestamp><setSpec>com_10630_2254</setSpec><setSpec>col_10630_37959</setSpec></header><metadata><record xmlns="http://www.loc.gov/MARC21/slim" xmlns:dcterms="http://purl.org/dc/terms/" xmlns:doc="http://www.lyncode.com/xoai" xmlns:xsi="http://www.w3.org/2001/XMLSchema-instance" xsi:schemaLocation="http://www.loc.gov/MARC21/slim http://www.loc.gov/standards/marcxml/schema/MARC21slim.xsd">
   <leader>00925njm 22002777a 4500</leader>
   <datafield ind2=" " ind1=" " tag="042">
      <subfield code="a">dc</subfield>
   </datafield>
   <datafield ind2=" " ind1=" " tag="720">
      <subfield code="a">Valero-Romero, María José</subfield>
      <subfield code="e">author</subfield>
   </datafield>
   <datafield ind2=" " ind1=" " tag="720">
      <subfield code="a">Calvo-Muñoz, Elisa Maria</subfield>
      <subfield code="e">author</subfield>
   </datafield>
   <datafield ind2=" " ind1=" " tag="720">
      <subfield code="a">Ruiz-Rosas, Ramiro Rafael</subfield>
      <subfield code="e">author</subfield>
   </datafield>
   <datafield ind2=" " ind1=" " tag="720">
      <subfield code="a">Rodríguez-Mirasol, José</subfield>
      <subfield code="e">author</subfield>
   </datafield>
   <datafield ind2=" " ind1=" " tag="720">
      <subfield code="a">Cordero-Alcántara, Tomás</subfield>
      <subfield code="e">author</subfield>
   </datafield>
   <datafield ind2=" " ind1=" " tag="260">
      <subfield code="c">2013-09-16</subfield>
   </datafield>
   <datafield ind2=" " ind1=" " tag="520">
      <subfield code="a">Methanol dehydration to produce dimethyl ether (DME) is an interesting process for the chemical industry since DME is an important intermediate and a promising clean alternative fuel for diesel engines. Pure or modified γ-aluminas (γ-Al2O3) and zeolites are often used as catalysts for this reaction. However, these materials usually yield non desirable hydrocarbons and undergo fast deactivation.&#xd;
In this work, we study the catalytic conversion of methanol over an acid carbon catalyst obtained by chemical activation of olive stone with H3PO4. A significant amount of phosphorus remains over the catalyst surface after the activation process, mostly in form of C-O-PO3 and C-PO3 groups, which provide the carbon a relatively high surface acidity and oxidation resistance. Methanol decomposition on this catalyst yields selectivities to DME higher than 82% at 623K and methanol conversion of 34%, under the operating conditions studied.&#xd;
The activated carbon catalytic activity and stability, under inert and oxidant atmospheres, as well as different regeneration procedures, were studied. In the absence of oxygen, the catalyst suffers a progressive deactivation by coke deposition on the active acid sites (Fig. 1). The presence of oxygen modifies the carbon surface chemistry, probably through oxygen spillover on the catalyst surface, where the availability of labile oxygen avoids catalyst deactivation. A reaction mechanism has been proposed where methanol dehydration seems to proceed through an Eley-Rideal mechanism, which assumes the adsorption of water and oxygen spillover on the acid active sites, avoiding coke deposition.</subfield>
   </datafield>
   <datafield ind1="8" ind2=" " tag="024">
      <subfield code="a">http://hdl.handle.net/10630/5903</subfield>
   </datafield>
   <datafield tag="653" ind2=" " ind1=" ">
      <subfield code="a">Carbón activado</subfield>
   </datafield>
   <datafield tag="653" ind2=" " ind1=" ">
      <subfield code="a">Catalizadores</subfield>
   </datafield>
   <datafield ind2="0" ind1="0" tag="245">
      <subfield code="a">Methanol dehydration on carbon-based acid catalysts</subfield>
   </datafield>
</record>
</metadata></record></GetRecord></OAI-PMH>